000 00638nam a22002177a 4500
999 _c6610
_d6610
001 6610
003 BD-JhCC
005 20180130091707.0
008 180127b xxu||||| |||| 00| 0 eng d
035 _a(BD-JhCC)6610
040 _aBD-JhCC
_dBD-JhCC
041 _aeng
082 _a190
_bISL 1980
100 _aইসলাম, আমিনুল
245 _aআধুনিক পাশ্চাত্য দর্শন /
_c আমিনুল ইসলাম
260 _aঢাকা :
_bবাংলা একাডেমী,
_c1980.
300 _a503 p. :
_c20 cm.
650 _aPhilosopy
942 _2ddc
_cBK